| 000 | 00483nam a2200181Ia 4500 | ||
|---|---|---|---|
| 005 | 20250714125321.0 | ||
| 008 | 008 250516s9999 xx 000 0 eng d | ||
| 020 | _a9788123908816 | ||
| 040 |
_beng _cSDCL |
||
| 041 |
_aeng _2eng |
||
| 084 | _aB75:3 M5 | ||
| 100 |
_a Chorlton, Frank _9815533 |
||
| 245 | 0 | _aTextbook of fluid dynamics | |
| 260 |
_aNew Delhi : _bCbs Publishers & Distributors, _c1985. |
||
| 300 | _axiv, 399p. | ||
| 650 | _aMathematics | ||
| 942 |
_cTEXL _2CC |
||
| 999 |
_c1430089 _d1430089 |
||